Cours de droit civil francais
I tiakina i:
| Kaituhi matua: | |
|---|---|
| Hōputu: | Pukapuka |
| Reo: | Wīwī |
| I whakaputaina: |
París
Arthur Rousseau
1896
|
| Ngā marau: | |
| Ngā Tūtohu: |
Tāpirihia he Tūtohu
Kāore He Tūtohu, Me noho koe te mea tuatahi ki te tūtohu i tēnei pūkete!
|
MARC
| LEADER | 00000nam a2200000 a 4500 | ||
|---|---|---|---|
| 001 | UCS1710 | ||
| 003 | CL-VaPUC | ||
| 008 | 970515e18960000FR |||||||||||||||||fre|d | ||
| 082 | 0 | 4 | |a 346.44 |b BEU |2 21 |
| 100 | 0 | |a Beudant, Ch |e author |9 386431 | |
| 245 | 1 | 0 | |a Cours de droit civil francais |
| 300 | |a v | ||
| 942 | |c BK | ||
| 945 | |d 19970515 00:00:00 |a paguirre | ||
| 260 | |a París |b Arthur Rousseau |c 1896 | ||
| 500 | |a v.1 p.1-2: L'état et la capacité des personnes | ||
| 500 | |a v.2 p.1-2: Les suretés personnelles et réelles | ||
| 650 | 0 | |a Derecho civil |9 255013 | |
| 650 | 7 | |a PERSONA |2 CL-VaPUC |9 327934 | |
| 650 | 7 | |a CAPACIDAD CIVIL |2 CL-VaPUC |9 385530 | |
| 650 | 7 | |a CAPACIDAD LEGAL |2 CL-VaPUC |9 257162 | |
| 650 | 0 | |a Derechos reales |9 257708 | |
| 651 | 0 | |a Francia |9 255157 | |
| 583 | |a last modification |c 19970515 00:00:00 |k Rodrigo Vera | ||
| 999 | |c 259742 |d 259740 | ||
| 952 | |0 0 |1 0 |4 0 |6 346_440000000000000_BEU_1896 |7 0 |8 X |9 285039 |a BIBDER |b BIBDER |d 2019-11-19 |h v.1 p.1 |i 1848992 |o 346.44 BEU 1896 |p 1848992 |r 2023-01-25 |w 2019-11-19 |y BK_X |k DER | ||
| 952 | |0 0 |1 0 |4 0 |6 346_440000000000000_BEU_1896 |7 0 |8 X |9 285040 |a BIBDER |b BIBDER |d 2019-11-19 |h v.2 p.2 |i 1850008 |o 346.44 BEU 1896 |p 1850008 |r 2023-01-25 |w 2019-11-19 |y BK_X |k DER | ||
| 952 | |0 0 |1 0 |4 0 |6 346_440000000000000_BEU_1896 |7 0 |8 X |9 285041 |a BIBDER |b BIBDER |d 2019-11-19 |h v.1 p.2 |i 1850016 |o 346.44 BEU 1896 |p 1850016 |r 2023-01-25 |w 2019-11-19 |y BK_X |k DER | ||
| 952 | |0 0 |1 0 |4 0 |6 346_440000000000000_BEU_1896 |7 0 |8 X |9 285042 |a BIBDER |b BIBDER |d 2019-11-19 |h v.2 p.1 |i 1850024 |o 346.44 BEU 1896 |p 1850024 |r 2023-01-25 |w 2019-11-19 |y BK_X |k DER | ||
| 952 | |0 0 |1 0 |4 0 |6 346_440000000000000_BEU_1896 |7 0 |8 X |9 285043 |a BIBDER |b BIBDER |d 2019-11-19 |i 1850040 |o 346.44 BEU 1896 |p 1850040 |r 2023-01-25 |w 2019-11-19 |y BK_X |k DER | ||